[Event "Saverne-Montrevel en Bresse"]
[Site "Montrevel en Bresse"]
[Date "2008.01.19"]
[Round "5.7"]
[White "Kuchly, Audrey"]
[Black "Testard, Philippe"]
[Result "0-1"]
[WhiteElo "1620"]
[BlackElo "1972"]
[PlyCount "64"]
[EventDate "2008.01.19"]
[SourceDate "2007.10.27"]

1. e4 c5 2. Nf3 e6 3. d4 cxd4 4. Nxd4 Nc6 5. Nf3 Qc7 6. b3 Nf6 7. Nbd2 Bb4 8.
Bd3 Bc3 9. Rb1 O-O 10. Bb2 Nb4 11. a3 Bxb2 12. Rxb2 Qc3 13. Qb1 Nxd3+ 14. cxd3
b6 15. O-O d5 16. Re1 Ba6 17. d4 Rfc8 18. e5 Ne4 19. h3 Bd3 20. Qa1 Qc6 21. Re3
Ba6 22. Nxe4 dxe4 23. Nd2 Bd3 24. Qd1 Qd5 25. Rg3 Qxd4 26. Qg4 Rc1+ 27. Kh2
Qxe5 28. Ra2 g6 29. h4 h5 30. Qh3 Rd8 31. a4 Be2 32. f4 Qxf4 0-1

[Event "Vandoeuvre II-Reims Echec et Mat"]
[Site "Vandoeuvre"]
[Date "2008.01.20"]
[Round "6.1"]
[White "Henrichs, Thomas"]
[Black "Camus, Berenger"]
[Result "1-0"]
[WhiteElo "2481"]
[BlackElo "2154"]
[PlyCount "47"]
[EventDate "2008.01.20"]
[SourceDate "2007.10.27"]

1. d4 Nf6 2. c4 e6 3. g3 d5 4. Bg2 Nbd7 5. Nf3 dxc4 6. O-O c6 7. a4 Bb4 8. Qc2
a5 9. Qxc4 O-O 10. Nc3 Qe7 11. Bf4 Nd5 12. Bg5 f6 13. Bd2 Kh8 14. Qb3 N5b6 15.
Ne4 Nd5 16. Nc3 N5b6 17. e3 e5 18. Rad1 c5 19. Qc2 Re8 20. Nb5 e4 21. Nh4 Nf8
22. dxc5 Nd5 23. Nd6 g5 24. Nxe8 1-0

[Event "Vandoeuvre II-Reims Echec et Mat"]
[Site "Vandoeuvre"]
[Date "2008.01.20"]
[Round "6.2"]
[White "Varoquier, Romain"]
[Black "Iglesias, Joachim"]
[Result "0-1"]
[WhiteElo "2154"]
[BlackElo "2168"]
[PlyCount "72"]
[EventDate "2008.01.20"]
[SourceDate "2007.10.27"]

1. e4 c5 2. c4 Nc6 3. Nc3 g6 4. g3 Bg7 5. a3 h5 6. h3 d6 7. d3 f5 8. Bg2 h4 9.
Nf3 hxg3 10. fxg3 Bxc3+ 11. bxc3 fxe4 12. Ng5 exd3 13. O-O Nf6 14. g4 Ne5 15.
Bf4 O-O 16. Qe1 Nf7 17. Qh4 Nxg5 18. Qxg5 Qe8 19. Bxd6 exd6 20. Rxf6 Rxf6 21.
Qxf6 Be6 22. Rd1 Qf7 23. Qxf7+ Kxf7 24. Rxd3 Rd8 25. Rf3+ Kg7 26. Re3 Bxc4 27.
Re7+ Kf6 28. Rxb7 a6 29. Kf2 Re8 30. Bf3 g5 31. a4 Ke5 32. a5 Kf4 33. Rd7 Re3
34. Bd1 Rd3 35. Ke1 Rxh3 36. Rxd6 Ke3 0-1

[Event "Vandoeuvre II-Reims Echec et Mat"]
[Site "Vandoeuvre"]
[Date "2008.01.20"]
[Round "6.3"]
[White "Steil Antoni, Fiona"]
[Black "Oudot, Jean Baptiste"]
[Result "1/2-1/2"]
[WhiteElo "2122"]
[BlackElo "2113"]
[PlyCount "40"]
[EventDate "2008.01.20"]
[SourceDate "2007.10.27"]

1. e4 c5 2. Nc3 Nc6 3. g3 g6 4. Bg2 Bg7 5. d3 Rb8 6. Be3 b5 7. Qd2 d6 8. f4 b4
9. Nd1 Nd4 10. c3 bxc3 11. bxc3 Nb5 12. Nf3 Nf6 13. O-O Ng4 14. d4 Nxe3 15.
Qxe3 cxd4 16. cxd4 O-O 17. Nc3 Nxc3 18. Qxc3 Bg4 19. e5 Qd7 20. Rfc1 Rfc8
1/2-1/2

[Event "Vandoeuvre II-Reims Echec et Mat"]
[Site "Vandoeuvre"]
[Date "2008.01.20"]
[Round "6.4"]
[White "Garcia, Gilles"]
[Black "Bauer, Laurent"]
[Result "0-1"]
[WhiteElo "2026"]
[BlackElo "2069"]
[PlyCount "73"]
[EventDate "2008.01.20"]
[SourceDate "2007.10.27"]

1. d4 Nf6 2. Nc3 d5 3. e4 dxe4 4. f3 exf3 5. Nxf3 Bf5 6. Ne5 e6 7. g4 Be4 8.
Nxe4 Nxe4 9. Qf3 Nd6 10. Bb5+ c6 11. O-O f6 12. Nxc6 bxc6 13. Bxc6+ Nxc6 14.
Qxc6+ Kf7 15. c3 Be7 16. Bf4 Re8 17. Rae1 Rc8 18. Qf3 Qa5 19. a3 Bf8 20. Qh3
Kg8 21. g5 f5 22. Re5 Qb6 23. Re2 Ne4 24. Be3 g6 25. Rc2 Qd8 26. Qg2 Qd5 27.
Rfc1 Nd6 28. Bf2 a5 29. c4 Rxc4 30. Rc3 Rxc3 31. Rxc3 Qxg2+ 32. Kxg2 Ne4 33.
Rb3 Nxg5 34. Rb6 Ne4 35. Ra6 Rb8 36. Be1 Rxb2+ 37. Kg1 0-1

[Event "Vandoeuvre II-Reims Echec et Mat"]
[Site "Vandoeuvre"]
[Date "2008.01.20"]
[Round "6.5"]
[White "Henrichs, Wenke"]
[Black "Castanier, Carl"]
[Result "0-1"]
[WhiteElo "2084"]
[BlackElo "1978"]
[PlyCount "96"]
[EventDate "2008.01.20"]
[SourceDate "2007.10.27"]

1. d4 d5 2. c4 dxc4 3. Nf3 a6 4. a4 Nc6 5. e3 Bg4 6. Bxc4 e6 7. O-O Nf6 8. Nc3
Bd6 9. Be2 O-O 10. h3 Bh5 11. b3 e5 12. d5 Nb4 13. e4 h6 14. Be3 Nh7 15. Rc1
Qe7 16. Nd2 Bxe2 17. Qxe2 f5 18. exf5 Rxf5 19. Qg4 Rff8 20. Nde4 Nd3 21. Rc2
Nf4 22. Nxd6 Qxd6 23. Ne4 Qxd5 24. Rxc7 g5 25. Rd1 Qxe4 26. Bxf4 Qxf4 27. Qe6+
Rf7 28. Qg6+ Kf8 29. Qxh6+ Kg8 30. Qg6+ Kf8 31. Qd6+ Kg7 32. Rxf7+ Kxf7 33.
Qc7+ Kg6 34. Rd7 Nf6 35. Rg7+ Kh6 36. Rf7 Rg8 37. g3 Qf5 38. Qxb7 Rd8 39. Kg2
e4 40. Qb6 Qf3+ 41. Kh2 Kg6 42. Qxd8 Qxf2+ 43. Kh1 Qf1+ 44. Kh2 Kxf7 45. Qc7+
Kg6 46. Qb6 Qd3 47. Qe6 Qd2+ 48. Kh1 e3 0-1

[Event "Vandoeuvre II-Reims Echec et Mat"]
[Site "Vandoeuvre"]
[Date "2008.01.20"]
[Round "6.6"]
[White "Billon, Olivier"]
[Black "Klipper, Rebecca"]
[Result "1/2-1/2"]
[WhiteElo "1914"]
[BlackElo "2060"]
[PlyCount "89"]
[EventDate "2008.01.20"]
[SourceDate "2007.10.27"]

1. e4 c5 2. Nf3 g6 3. d4 Bg7 4. Nc3 cxd4 5. Nxd4 Nc6 6. Be3 Nf6 7. Bc4 Qa5 8.
O-O O-O 9. Bb3 d6 10. h3 Bd7 11. f4 Qh5 12. Qd2 b5 13. Ndxb5 Nxe4 14. Nxe4 Qxb5
15. c4 Qb4 16. Qxb4 Nxb4 17. c5 d5 18. a3 Bxb2 19. axb4 dxe4 20. Rab1 Bc3 21.
Bd5 Rab8 22. c6 Bxc6 23. Bxc6 Rxb4 24. Rxb4 Bxb4 25. Bxa7 Rc8 26. Bxe4 Bc5+ 27.
Bxc5 Rxc5 28. Re1 Kg7 29. Kf2 h5 30. Ke3 Kf6 31. Rb1 e6 32. Kd4 Rc8 33. Rb6
Rd8+ 34. Kc5 g5 35. f5 Ke5 36. fxe6 fxe6 37. Bg6 Rd2 38. Bxh5 Rxg2 39. Bg4 Rc2+
40. Kb5 Rb2+ 41. Ka6 Rxb6+ 42. Kxb6 Kf6 43. Kc6 e5 44. Kd7 Kf7 45. Bf5 1/2-1/2

[Event "Vandoeuvre II-Reims Echec et Mat"]
[Site "Vandoeuvre"]
[Date "2008.01.20"]
[Round "6.7"]
[White "Boyarchenko, Alexander"]
[Black "Barnier, Christophe"]
[Result "1-0"]
[WhiteElo "1943"]
[BlackElo "1906"]
[PlyCount "113"]
[EventDate "2008.01.20"]
[SourceDate "2007.10.27"]

1. e4 c5 2. Nf3 d6 3. c3 Nf6 4. Bd3 e5 5. h3 a6 6. a4 Be7 7. Bc2 Nc6 8. d3 h6
9. Nbd2 Be6 10. Nf1 d5 11. Qe2 d4 12. Ng3 Qd7 13. Bd2 Bd6 14. Nh4 g6 15. Rb1 a5
16. Nf3 Qc7 17. Nh2 Qd7 18. Bd1 O-O-O 19. O-O Rdg8 20. Qe1 Qe7 21. cxd4 cxd4
22. Bxa5 Bb4 23. Bxb4 Qxb4 24. Qe2 Kb8 25. f4 Nd7 26. Qf2 Ka8 27. Bg4 Bxg4 28.
Nxg4 h5 29. Nxe5 Ndxe5 30. fxe5 Nxe5 31. Rbd1 h4 32. Ne2 Rd8 33. Nf4 Qb3 34.
Nd5 Rxd5 35. exd5 Qxd5 36. Qf6 Rh5 37. Rf4 Qb3 38. Qd8+ Ka7 39. Qxd4+ Ka8 40.
Qd8+ Ka7 41. Qd4+ Kb8 42. Rd2 Nc6 43. Qf2 Ne5 44. Rxh4 Rxh4 45. Qxh4 Ka7 46.
Qd4+ Qb6 47. Qxb6+ Kxb6 48. d4 Nc4 49. Rf2 f5 50. Re2 g5 51. Re6+ Kc7 52. b3
Nd2 53. b4 Ne4 54. g4 Ng3 55. Kg2 f4 56. Kf3 Nf1 57. Re5 1-0

[Event "Vandoeuvre II-Reims Echec et Mat"]
[Site "Vandoeuvre"]
[Date "2008.01.20"]
[Round "6.8"]
[White "Desanlis, Anne Sophie"]
[Black "Vigneron, Jean"]
[Result "1-0"]
[WhiteElo "1904"]
[BlackElo "1923"]
[PlyCount "63"]
[EventDate "2008.01.20"]
[SourceDate "2007.10.27"]

1. c4 f5 2. g3 Nf6 3. Bg2 g6 4. Nc3 Bg7 5. e3 d6 6. Nge2 O-O 7. O-O c6 8. d4
Na6 9. Rb1 Rb8 10. b4 Nc7 11. Bb2 b5 12. c5 d5 13. Nc1 e5 14. dxe5 Ng4 15. Nd3
Qe7 16. Ne2 Nxe5 17. Nxe5 Bxe5 18. Bxe5 Qxe5 19. Nd4 Bd7 20. a4 a6 21. Qc2 g5
22. axb5 axb5 23. Nf3 Qe7 24. Qb2 Rfe8 25. Ra1 g4 26. Nd4 Ra8 27. Rxa8 Rxa8 28.
Ra1 Rxa1+ 29. Qxa1 Kf7 30. Qa7 Qd8 31. Qb7 Ne8 32. Nxc6 1-0

[Event "Besancon TPG II-Mundolsheim"]
[Site "Obernai"]
[Date "2008.01.20"]
[Round "6.1"]
[White "Naudier, Serge"]
[Black "Anka, Emil"]
[Result "0-1"]
[WhiteElo "2266"]
[BlackElo "2400"]
[PlyCount "100"]
[EventDate "2008.01.20"]
[SourceDate "2007.10.27"]

1. e4 c5 2. Nf3 d6 3. d4 cxd4 4. Nxd4 Nf6 5. Nc3 g6 6. Be3 Bg7 7. f3 O-O 8. Qd2
Nc6 9. O-O-O d5 10. exd5 Nxd5 11. Nxc6 bxc6 12. Bd4 e5 13. Bc5 Be6 14. Bc4 Re8
15. Nxd5 cxd5 16. Bxd5 Bxd5 17. Qxd5 Qg5+ 18. Qd2 Qh4 19. Kb1 Rec8 20. Qd5 Rab8
21. Rd3 e4 22. Rb3 exf3 23. gxf3 Rd8 24. Rxb8 Rxb8 25. Ba3 Qf6 26. Kc1 Bf8 27.
Qa5 Qxf3 28. Re1 Bxa3 29. Qxa3 Qxa3 30. bxa3 Rb7 31. c4 Rc7 32. Re4 f5 33. Rd4
Kf7 34. Kc2 Ke6 35. Kc3 g5 36. Rd8 f4 37. Rd5 f3 38. Kd3 Rd7 39. Ke3 Rxd5 40.
cxd5+ Kxd5 41. Kxf3 h5 42. Ke3 a5 43. Kd3 a4 44. Ke3 Kc4 45. Ke4 Kc3 46. Kf5
Kb2 47. Kxg5 Kxa2 48. Kxh5 Kxa3 49. Kg6 Kb4 50. h4 a3 0-1

[Event "Besancon TPG II-Mundolsheim"]
[Site "Obernai"]
[Date "2008.01.20"]
[Round "6.2"]
[White "Peter, Sebastien"]
[Black "Pellaton, Bernard"]
[Result "1-0"]
[WhiteElo "2279"]
[BlackElo "2062"]
[PlyCount "83"]
[EventDate "2008.01.20"]
[SourceDate "2007.10.27"]

1. e4 c5 2. Nf3 Nc6 3. d4 cxd4 4. Nxd4 e5 5. Nb5 d6 6. N1c3 a6 7. Na3 Be6 8.
Nc4 Be7 9. Be2 h6 10. O-O Nf6 11. Ne3 O-O 12. Bf3 Nd4 13. Ncd5 Nxd5 14. Nxd5
Bxd5 15. exd5 Nxf3+ 16. Qxf3 f5 17. Qb3 Qd7 18. c4 Kh8 19. a4 a5 20. f3 Bd8 21.
Be3 b6 22. Qb5 Qc7 23. Rab1 Rc8 24. Rfc1 f4 25. Bf2 Rb8 26. b4 axb4 27. Rxb4
Qe7 28. Re1 Bc7 29. Rb2 Qe8 30. Qc6 Qxc6 31. dxc6 Rfc8 32. Rd1 Ra8 33. Rb4 Ra6
34. Rdb1 Rb8 35. c5 dxc5 36. Bxc5 Kg8 37. Bf2 Rba8 38. Bxb6 Bd6 39. Rc4 Rb8 40.
a5 Bc7 41. Rd1 Rc8 42. Rd7 1-0

[Event "Besancon TPG II-Mundolsheim"]
[Site "Obernai"]
[Date "2008.01.20"]
[Round "6.3"]
[White "Castallan, Gerald"]
[Black "Hoffmann, Regis"]
[Result "0-1"]
[WhiteElo "2106"]
[BlackElo "2127"]
[PlyCount "90"]
[EventDate "2008.01.20"]
[SourceDate "2007.10.27"]

1. e4 d6 2. d4 g6 3. Nc3 Bg7 4. Bc4 Nf6 5. Qe2 Nc6 6. e5 Ng4 7. h3 Nh6 8. Nf3
Nf5 9. Qe4 dxe5 10. dxe5 Nfd4 11. Nxd4 Qxd4 12. f4 Qxe4+ 13. Nxe4 Nd4 14. Bd3
h5 15. Be3 Nf5 16. Bf2 Be6 17. c4 O-O-O 18. O-O-O Bh6 19. Ng5 Bxg5 20. fxg5 Nd4
21. b4 Nc6 22. Rhe1 Nxb4 23. Be2 Nxa2+ 24. Kb2 Nb4 25. Bc5 Nc6 26. Bf3 Rxd1 27.
Bxd1 Bxc4 28. Bf3 Rd8 29. Bxc6 bxc6 30. Bxa7 Rd3 31. Re3 Rxe3 32. Bxe3 Bf1 33.
g4 Bxh3 34. e6 fxe6 35. gxh5 gxh5 36. g6 e5 37. Kc3 Bf5 38. g7 Bh7 39. Kc4 Kd7
40. Kc5 h4 41. Bf2 h3 42. Bg3 Ke6 43. Bh2 Kf5 44. Kxc6 e4 45. Kd7 e3 0-1

[Event "Besancon TPG II-Mundolsheim"]
[Site "Obernai"]
[Date "2008.01.20"]
[Round "6.4"]
[White "Martin, Cedric"]
[Black "Sonnet, Jean Pierre"]
[Result "1-0"]
[WhiteElo "2102"]
[BlackElo "2133"]
[PlyCount "127"]
[EventDate "2008.01.20"]
[SourceDate "2007.10.27"]

1. e4 c5 2. Nf3 d6 3. d4 cxd4 4. Nxd4 Nf6 5. Nc3 a6 6. Be2 e5 7. Nb3 Be7 8. O-O
O-O 9. Kh1 Qc7 10. g4 Be6 11. g5 Nfd7 12. Rg1 Nb6 13. a4 Nc4 14. Nd5 Bxd5 15.
Qxd5 Nb6 16. Qd3 Rc8 17. a5 N6d7 18. Be3 Nc6 19. c3 Nc5 20. Qd5 Nxb3 21. Bb6
Qb8 22. Qxb3 g6 23. Bc4 Rf8 24. Qd1 Qc8 25. Bd5 Kh8 26. Qd2 f6 27. gxf6 Rxf6
28. Qh6 Qf8 29. Qh3 Qc8 30. Qh6 Qf8 31. Qh3 Qc8 32. Qxc8+ Rxc8 33. Rg3 Rcf8 34.
Kg1 Kg7 35. b4 Bd8 36. Be3 Rf3 37. Kg2 Rxg3+ 38. fxg3 h6 39. Rd1 Bc7 40. Rd2 g5
41. h3 Rb8 42. Rf2 Nd8 43. Rf5 b6 44. axb6 Bxb6 45. Bxb6 Rxb6 46. Rf2 Kg6 47.
Ra2 Nc6 48. Ra3 Nb8 49. Kf3 Nd7 50. Bc4 Nb8 51. Ke3 Rc6 52. Kd3 h5 53. Ra2 Rb6
54. Ra5 Kg7 55. Ra1 Kg6 56. Rf1 Nc6 57. Bf7+ Kh6 58. Bd5 Kg6 59. Rf8 Kg7 60.
Rf7+ Kg6 61. Rc7 Nb8 62. Kc4 Kf6 63. Rf7+ Kg6 64. Rb7 1-0

[Event "Besancon TPG II-Mundolsheim"]
[Site "Obernai"]
[Date "2008.01.20"]
[Round "6.5"]
[White "Lozac'hmeur, Yann"]
[Black "Briet, Antoine"]
[Result "1/2-1/2"]
[WhiteElo "2044"]
[BlackElo "2171"]
[PlyCount "147"]
[EventDate "2008.01.20"]
[SourceDate "2007.10.27"]

1. d4 Nf6 2. c4 g6 3. Nc3 Bg7 4. e4 d6 5. Nf3 O-O 6. Be2 e5 7. O-O Nc6 8. d5
Ne7 9. Ne1 Nd7 10. f3 f5 11. Be3 f4 12. Bf2 g5 13. Nb5 b6 14. b4 a6 15. Nc3 Rf6
16. c5 Rh6 17. cxd6 cxd6 18. Nd3 Qe8 19. g4 fxg3 20. Bxg3 Ng6 21. Rf2 Nf4 22.
Bf1 Rg6 23. Qa4 Bf6 24. Qc6 Rb8 25. Rc1 b5 26. Nd1 Bd8 27. Rfc2 Bb6+ 28. Bf2
Bb7 29. Qc3 g4 30. Bxb6 Ne2+ 31. Bxe2 gxf3+ 32. Kh1 fxe2 33. Rxe2 Nxb6 34. Ne3
Rc8 35. Qa1 Rxc1+ 36. Qxc1 Qf8 37. Rf2 Rf6 38. Qf1 Rxf2 39. Qxf2 Qxf2 40. Nxf2
Bc8 41. Kg2 Kf7 42. Kg3 Kg6 43. Kh4 Bd7 44. Nh1 Nc4 45. Nc2 Nd2 46. Nf2 Nxe4
47. Nxe4 Bf5 48. Nxd6 Bxc2 49. Nb7 Kf6 50. Nc5 Ke7 51. Nxa6 Kd6 52. Kg3 Kxd5
53. Kf3 Kd4 54. Ke2 e4 55. a3 Bd3+ 56. Kd2 e3+ 57. Ke1 Kc3 58. Nc5 Bc4 59. h4
h5 60. Ne4+ Kb3 61. Ng3 Kxa3 62. Nxh5 Kxb4 63. Ng3 Bd3 64. h5 Kc3 65. h6 b4 66.
Ne2+ Kc4 67. Nc1 Bf5 68. Ke2 Kd4 69. Nb3+ Ke4 70. Na5 Kf4 71. Nb3 Bg6 72. Na5
Bc2 73. Nb3 Bh7 74. Na5 1/2-1/2

[Event "Besancon TPG II-Mundolsheim"]
[Site "Obernai"]
[Date "2008.01.20"]
[Round "6.6"]
[White "Duchateau, Thomas"]
[Black "Coulon, Maxcellend"]
[Result "1-0"]
[WhiteElo "2133"]
[BlackElo "2042"]
[PlyCount "85"]
[EventDate "2008.01.20"]
[SourceDate "2007.10.27"]

1. d4 Nf6 2. c4 e5 3. dxe5 Ng4 4. e3 Nxe5 5. Nh3 Nbc6 6. Nf4 d6 7. Be2 g6 8.
Nc3 Bg7 9. O-O h5 10. Nfd5 a6 11. f4 Ng4 12. h3 Nh6 13. Bd3 Ne7 14. Nxe7 Qxe7
15. Nd5 Qd8 16. e4 c6 17. Ne3 Qb6 18. Kh1 Bd7 19. Rb1 O-O-O 20. b4 Bd4 21. c5
dxc5 22. bxc5 Qxc5 23. Nc4 b5 24. Ba3 Qa7 25. Nd6+ Kb8 26. Qc2 Rh7 27. Be2 Ng4
28. Rf3 Ne3 29. Qc1 f6 30. e5 fxe5 31. fxe5 Bg4 32. Qxc6 Rc7 33. Qe4 Nf5 34.
hxg4 hxg4 35. Qxg4 Bxe5 36. Nxf5 gxf5 37. Qxf5 Re8 38. Rh3 Rf7 39. Qe4 Rf4 40.
Bd6+ Kc8 41. Qc6+ Kd8 42. Bxe5 Rxe5 43. Qd6+ 1-0

[Event "Besancon TPG II-Mundolsheim"]
[Site "Obernai"]
[Date "2008.01.20"]
[Round "6.7"]
[White "Poignot, Quentin"]
[Black "Sengsavath, Sengsouriya"]
[Result "1-0"]
[WhiteElo "2046"]
[BlackElo "2011"]
[PlyCount "59"]
[EventDate "2008.01.20"]
[SourceDate "2007.10.27"]

1. e4 c5 2. Nf3 d6 3. d4 cxd4 4. Nxd4 Nf6 5. Nc3 g6 6. Be3 Bg7 7. f3 O-O 8. Qd2
Nc6 9. Bc4 Bd7 10. O-O-O Rc8 11. Bb3 Ne5 12. h4 Nc4 13. Bxc4 Rxc4 14. h5 Nxh5
15. g4 Nf6 16. Bh6 Nxe4 17. Qe3 Rxc3 18. bxc3 Bxh6 19. Qxh6 Nf6 20. g5 Nh5 21.
Rxh5 gxh5 22. Rh1 Qa5 23. Rxh5 Bf5 24. Nxf5 Qxf5 25. g6 Qxg6 26. Rg5 Rc8 27.
Rxg6+ hxg6 28. Qe3 e5 29. Qxa7 b5 30. Kd2 1-0

[Event "Besancon TPG II-Mundolsheim"]
[Site "Obernai"]
[Date "2008.01.20"]
[Round "6.8"]
[White "Bodlenner, Camille"]
[Black "Jeannerot, Lea"]
[Result "0-1"]
[WhiteElo "1882"]
[BlackElo "1956"]
[PlyCount "72"]
[EventDate "2008.01.20"]
[SourceDate "2007.10.27"]

1. e4 e5 2. Nf3 Nc6 3. d4 exd4 4. Bc4 Nf6 5. e5 d5 6. Bb5 Nd7 7. O-O Be7 8. Re1
O-O 9. Bxc6 bxc6 10. Nxd4 Bb7 11. Qg4 Re8 12. Nf5 g6 13. e6 Bf8 14. e7 Bxe7 15.
Nh6+ Kg7 16. Bd2 Nf6 17. Qf3 Bd6 18. Nc3 Qd7 19. Bg5 Re6 20. Qd3 Rae8 21. Bxf6+
Rxf6 22. Rxe8 Qxe8 23. Ng4 Re6 24. g3 h5 25. Ne3 Bc5 26. Ncd1 Bb6 27. c3 c5 28.
Ng2 d4 29. cxd4 cxd4 30. f3 Qc6 31. Kf2 Qe8 32. b4 a6 33. Nb2 Re2+ 34. Qxe2 d3+
35. Qe3 Bxe3+ 36. Nxe3 Qc6 0-1

[Event "Obernai-Strasbourg II"]
[Site "Obernai"]
[Date "2008.01.20"]
[Round "6.1"]
[White "Dittmar, Peter"]
[Black "Schwicker, Francois"]
[Result "1/2-1/2"]
[WhiteElo "2329"]
[BlackElo "2213"]
[PlyCount "71"]
[EventDate "2008.01.20"]
[SourceDate "2007.10.27"]

1. Nf3 Nf6 2. c4 d6 3. g3 e5 4. Nc3 Be7 5. Bg2 c6 6. O-O Nbd7 7. d4 Qc7 8. e4
Nf8 9. h3 Ng6 10. Re1 Be6 11. d5 Bd7 12. dxc6 bxc6 13. Bg5 h6 14. Bxf6 Bxf6 15.
Qd3 Be6 16. Rac1 Qd7 17. Kh2 O-O 18. Red1 Rad8 19. Nd5 Be7 20. Ne3 Rfe8 21. h4
h5 22. Nf5 d5 23. cxd5 cxd5 24. Nxe7+ Qxe7 25. Ng5 Bg4 26. f3 dxe4 27. Qxe4 Bc8
28. Bf1 Bb7 29. Qf5 Bc8 30. Qc2 Be6 31. Nxe6 Qxe6 32. Bc4 Qf6 33. Qe4 Ne7 34.
Bb5 Rxd1 35. Rxd1 Rb8 36. Be2 1/2-1/2

[Event "Obernai-Strasbourg II"]
[Site "Obernai"]
[Date "2008.01.20"]
[Round "6.2"]
[White "Werner, Clemens"]
[Black "Schmider, Bernd"]
[Result "1-0"]
[WhiteElo "2291"]
[BlackElo "2203"]
[PlyCount "77"]
[EventDate "2008.01.20"]
[SourceDate "2007.10.27"]

1. e4 Nf6 2. Nc3 d5 3. exd5 Nxd5 4. Bc4 c6 5. Qf3 e6 6. Nge2 Nd7 7. d4 N7f6 8.
O-O Be7 9. Re1 O-O 10. Bd2 a6 11. Ne4 Nxe4 12. Qxe4 f5 13. Qf3 Bf6 14. Rad1 Qb6
15. Bc1 Bd7 16. Bb3 a5 17. a3 Qa6 18. c4 Nb6 19. Nf4 Rae8 20. Qe2 Kh8 21. Qd3
a4 22. Ba2 Bc8 23. Nh5 Nd7 24. Nxf6 Nxf6 25. Bf4 Qb6 26. Qe2 Ne4 27. f3 e5 28.
c5 Qd8 29. dxe5 Qh4 30. g3 Qh5 31. fxe4 fxe4 32. Qxe4 Bg4 33. Rd2 Bf3 34. Qe3
Bg4 35. e6 Rf5 36. e7 Rxc5 37. Rd8 Rc2 38. Rxe8+ Qxe8 39. Bf7 1-0

[Event "Obernai-Strasbourg II"]
[Site "Obernai"]
[Date "2008.01.20"]
[Round "6.4"]
[White "Ricter, Jean Paul"]
[Black "Remaitre, Alexandre"]
[Result "1-0"]
[WhiteElo "2148"]
[BlackElo "2043"]
[PlyCount "121"]
[EventDate "2008.01.20"]
[SourceDate "2007.10.27"]

1. c4 Nf6 2. g3 g6 3. Bg2 c6 4. b3 d5 5. Bb2 Bg7 6. Nf3 O-O 7. O-O Re8 8. d3
Bg4 9. Nbd2 Nbd7 10. cxd5 cxd5 11. h3 Bxf3 12. Nxf3 e5 13. e3 Qb6 14. Rc1 e4
15. dxe4 dxe4 16. Nd2 Rad8 17. Qc2 Qe6 18. Rfd1 b6 19. b4 Qxa2 20. Ra1 Qe6 21.
Rxa7 Bf8 22. Nxe4 Nxe4 23. Bxe4 Qxe4 24. Qxe4 Rxe4 25. Rdxd7 Rxd7 26. Rxd7 f5
27. Rd8 Kf7 28. b5 Bc5 29. Bc3 Rc4 30. Rd3 Bb4 31. Bd4 Bc5 32. Bxc5 Rxc5 33.
Rd7+ Kg8 34. Kg2 Rxb5 35. Kf3 Rb4 36. Rb7 Rb5 37. g4 fxg4+ 38. hxg4 h5 39. gxh5
gxh5 40. e4 Rb2 41. Re7 h4 42. Re5 h3 43. Rh5 b5 44. Kg3 Rb1 45. Rxh3 b4 46.
Kf4 Rf1 47. Rb3 Rxf2+ 48. Ke5 Re2 49. Rf3 Kg7 50. Kd5 Rd2+ 51. Ke6 Re2 52. e5
Ra2 53. Rf7+ Kg8 54. Rd7 Kf8 55. Rd8+ Kg7 56. Ke7 Re2 57. e6 Re1 58. Rd2 Rb1
59. Rg2+ Kh7 60. Ke8 Re1 61. e7 1-0

[Event "Obernai-Strasbourg II"]
[Site "Obernai"]
[Date "2008.01.20"]
[Round "6.5"]
[White "Koehler, Jerome"]
[Black "Rocher, Olivier"]
[Result "0-1"]
[WhiteElo "2036"]
[BlackElo "2120"]
[PlyCount "80"]
[EventDate "2008.01.20"]
[SourceDate "2007.10.27"]

1. e4 Nf6 2. Nc3 d5 3. exd5 Nxd5 4. Bc4 Nxc3 5. Qf3 e6 6. Qxc3 Nc6 7. Nf3 Qf6
8. O-O Qxc3 9. bxc3 Bd6 10. d4 O-O 11. Re1 b6 12. h4 Bb7 13. Ng5 Na5 14. Bd3 h6
15. Ne4 Be7 16. h5 Bd5 17. Nd2 Bf6 18. Ne4 Bxe4 19. Rxe4 Rad8 20. Rb1 Rd5 21.
g4 c5 22. Be3 cxd4 23. cxd4 Rc8 24. Rb4 Nc6 25. Rc4 Ne7 26. a4 Ra5 27. Rxc8+
Nxc8 28. Bb5 Nd6 29. Rf4 Nxb5 30. axb5 Rxb5 31. c4 Rb1+ 32. Kg2 Bg5 33. Re4
Bxe3 34. fxe3 Kf8 35. Kf3 a5 36. Ke2 a4 37. d5 a3 38. c5 a2 39. Ra4 a1=Q 40.
Rxa1 Rxa1 0-1

[Event "Obernai-Strasbourg II"]
[Site "Obernai"]
[Date "2008.01.20"]
[Round "6.6"]
[White "Roos, Louise"]
[Black "Wimmer, Olivier"]
[Result "1-0"]
[WhiteElo "1931"]
[BlackElo "2081"]
[PlyCount "89"]
[EventDate "2008.01.20"]
[SourceDate "2007.10.27"]

1. e4 d6 2. d4 Nd7 3. Nf3 Ngf6 4. Bd3 e5 5. O-O Be7 6. Nbd2 c6 7. Re1 O-O 8. c3
a6 9. Nf1 Re8 10. Ng3 g6 11. Bg5 b5 12. dxe5 dxe5 13. Bc2 Qc7 14. Qe2 c5 15. a4
Rb8 16. axb5 axb5 17. b3 Nf8 18. h3 Ne6 19. Be3 Bb7 20. Red1 Nf4 21. Bxf4 exf4
22. Nf1 Nxe4 23. Bxe4 Bf6 24. Ra7 Qb6 25. Rxb7 Rxb7 26. Qc2 Rbe7 27. N1d2 Qa5
28. c4 b4 29. Bc6 Rd8 30. Bd5 Kg7 31. Ne4 Be5 32. Nxe5 Rxe5 33. Qb2 f6 34. Ra1
Qc7 35. Ra6 Rdxd5 36. cxd5 Rxe4 37. Qxf6+ Kh6 38. Qf8+ Kg5 39. Qf6+ Kh6 40. Re6
Rxe6 41. dxe6 Qd6 42. Qf7 Qd1+ 43. Kh2 Qxb3 44. Qf8+ Kh5 45. e7 1-0

[Event "Obernai-Strasbourg II"]
[Site "Obernai"]
[Date "2008.01.20"]
[Round "6.7"]
[White "Brunstein, Sandrine"]
[Black "Mametov, Bakhitiar"]
[Result "1-0"]
[WhiteElo "2076"]
[BlackElo "1840"]
[PlyCount "71"]
[EventDate "2008.01.20"]
[SourceDate "2007.10.27"]

1. e4 e6 2. d4 c5 3. c3 a6 4. Nf3 Qc7 5. Be3 b6 6. Nbd2 Ne7 7. Bd3 Ng6 8. e5
Nc6 9. O-O Bb7 10. Nc4 b5 11. Nd6+ Bxd6 12. exd6 Qxd6 13. dxc5 Qc7 14. Qd2 Nce5
15. Nxe5 Nxe5 16. Be2 Qc6 17. f3 O-O 18. Qd4 Ng6 19. Rad1 Rad8 20. b4 e5 21.
Qd6 Rfe8 22. c4 Re6 23. Qd2 d5 24. cxd5 Rxd5 25. Qc2 Ne7 26. Bd3 f5 27. Bxf5
Nxf5 28. Qxf5 Rf6 29. Qc2 Qd7 30. Rxd5 Qxd5 31. Rd1 Qc6 32. Rd8+ Kf7 33. Qxh7
Rg6 34. Qg8+ Ke7 35. Qf8+ Ke6 36. Rd6+ 1-0

[Event "Obernai-Strasbourg II"]
[Site "Obernai"]
[Date "2008.01.20"]
[Round "6.8"]
[White "Boudart, Thierry"]
[Black "Krauss, Bernard"]
[Result "0-1"]
[WhiteElo "1800"]
[BlackElo "1937"]
[PlyCount "59"]
[EventDate "2008.01.20"]
[SourceDate "2007.10.27"]

1. d4 Nf6 2. c4 g6 3. Nc3 d5 4. cxd5 Nxd5 5. e4 Nxc3 6. bxc3 Bg7 7. Bc4 O-O 8.
Nf3 Bg4 9. Qb3 Bxf3 10. gxf3 Nc6 11. Qd1 Na5 12. Bb3 c5 13. Be3 Nc6 14. d5
Bxc3+ 15. Ke2 Nd4+ 16. Bxd4 Bxd4 17. Rb1 Qd6 18. Bc4 f5 19. Qd3 b6 20. Rbg1 Kh8
21. Rg2 Rf6 22. Rhg1 Raf8 23. Rg3 Qe5 24. Rg5 fxe4 25. fxe4 Qxh2 26. R1g2 Rxf2+
27. Rxf2 Rxf2+ 28. Ke1 Qh1+ 29. Qf1 Rxf1+ 30. Bxf1 0-1

[Event "Metz Fischer II-Epinal"]
[Site "Vandoeuvre"]
[Date "2008.01.20"]
[Round "6.1"]
[White "Gladyszev, Oleg"]
[Black "Adrian, Claude"]
[Result "1-0"]
[WhiteElo "2485"]
[BlackElo "2285"]
[PlyCount "48"]
[EventDate "2008.01.20"]
[SourceDate "2007.10.27"]

1. d4 Nf6 2. c4 e6 3. Nc3 Bb4 4. Qc2 c5 5. dxc5 Na6 6. a3 Bxc3+ 7. Qxc3 Nxc5 8.
f3 O-O 9. e4 d6 10. Be3 Qc7 11. Ne2 e5 12. Qc2 Be6 13. Nc3 a6 14. Nd5 Bxd5 15.
cxd5 Rfc8 16. b4 Ncd7 17. Qxc7 Rxc7 18. Kd2 Rac8 19. Bd3 Kf8 20. Rac1 Ke7 21.
Rxc7 Rxc7 22. g3 h6 23. Bf1 g5 {suite illisible} 24. Bd3 Rc8 1-0